Echoes of the Heart: (Record no. 611364)

000 -LEADER
fixed length control field 00367nam a22001337a 4500
020 ## - INTERNATIONAL STANDARD BOOK NUMBER
International Standard Book Number 9787513517225
082 ## - DEWEY DECIMAL CLASSIFICATION NUMBER
Classification number 895.116
Author Mark KAI
100 ## - MAIN ENTRY--PERSONAL NAME
Personal name Kai, Ma
245 ## - TITLE STATEMENT
Title Echoes of the Heart:
Remainder of title Selected Poems /
Statement of responsibility, etc. Ma Kai
260 ## - PUBLICATION, DISTRIBUTION, ETC.
Place of publication, distribution, etc. Beijing :
Name of publisher, distributor, etc. Foreign Languages and Research Press,
Date of publication, distribution, etc. 2012.
300 ## - PHYSICAL DESCRIPTION
Extent 417 p. ;
Dimensions 24 cm.
563 ## - BINDING INFORMATION
Binding note Hardcover.
942 ## - ADDED ENTRY ELEMENTS (KOHA)
Source of classification or shelving scheme
Koha item type Book
Holdings
Withdrawn status Lost status Source of classification or shelving scheme Damaged status Not for loan Permanent Location Current Location Shelving location Date acquired Source of acquisition Total Checkouts Full call number Barcode Date last seen Price effective from Koha item type
          Central Library (CL) Central Library (CL) Chinese Studies 09/03/2024 Donated by Chinese Studies Center   895.116 KAI CL-D-2631 09/03/2024 09/03/2024 Book
© 2023 Central Library, National University of Sciences and Technology. All Rights Reserved.